111 seltene Mädchennamen - Statistiken

Allgemein
  • Dieses Quiz wurde 26 mal gespielt
  • Das Durchschnittsergebnis liegt bei 17 aus 111
Antwortstatistiken
📍 Vorname % Korrekt
Co.o Coco
56%
Cl.o Cleo
52%
Al.a Alma
48%
Ch..l.t.a Charlotta
48%
S.a Sia
48%
El.n Elin
40%
H.n.i Hanni
40%
Xe.a Xena
40%
H.z.l Hazel
36%
Ju.o Juno
36%
Ko.a Kora
36%
Op..l.a Ophelia
36%
Er.n Erin
32%
Gr.c.a Grecia
32%
Ka.a Kaia
32%
Lo.a Lola
32%
Ph.e.e Phoebe
32%
Qu..n Quinn
32%
R.s.l.e Rosalie
32%
Jo.a Jola
28%
P.t..c.a Patricia
28%
T.b.a Tabea
28%
V.l..t..a Valentina
28%
Yo.o Yoko
28%
Ze.n.p Zeynep
28%
An..k Anouk
24%
Br.a Brea
24%
Eb.a Ebba
24%
Ja.e Jade
24%
J.n.a Jonna
24%
Ly.a Lyra
24%
Sm.l.a Smilla
24%
Ya.i Yani
24%
Yv.t.e Yvette
24%
G.m.a Gemma
20%
Im.g.n Imogen
20%
N.a Nea
20%
Ny.a Nyla
20%
Su.a Suna
20%
Su.i Suri
20%
T.l.y Tilly
20%
Ef..e Effie
16%
En.a Enja
16%
In.a Inga
16%
L.l..h Lilith
16%
M.v.s Mavis
16%
Ni.e Nike
16%
Qu.n.y Quincy
16%
T.l.a Tilda
16%
Yu.i Yumi
16%
D.f.a Dafna
12%
El.a Elea
12%
J.l..a Julina
12%
M.l..a Malina
12%
Ma.e Mare
12%
Na.a Naya
12%
O.a Oda
12%
T.a.a Tiara
12%
W.l..w Willow
12%
Xy.a Xyla
12%
Z.f..a Zafira
12%
F.r.h Farah
8%
M.n.r.a Minerva
8%
Mo.a Moja
8%
Ph.l..a Philina
8%
T.r.n.h Taraneh
8%
W.l.a Willa
8%
Z.l.a Zelda
8%
Ze.d..a Zendaya
8%
A.r..a Aurela
4%
C.l.a Celia
4%
D.n.h Dinah
4%
Fj.l.a Fjella
4%
Is.a Iska
4%
J.s..a Josina
4%
K.a.a Kiana
4%
Le.l..i Leilani
4%
N.e..a Noelia
4%
Or.a.a Oriana
4%
Re.i Remi
4%
S.r..a Soraya
4%
Z.k.a Zakia
4%
Z.n.i Zenzi
4%
Z.a.a Zhara
4%
A.k.a Ankea
0%
Ba..a Basma
0%
D.r.y Darby
0%
D.v.s.a Duvessa
0%
El..y Elody
0%
El.i.e Eloise
0%
El..a Elora
0%
El.w.n Elowen
0%
F.l..a Felipa
0%
F.e.r Fleur
0%
Fr.t.a Fritza
0%
G.a..a Gianna
0%
H.v.l.h Havilah
0%
J.n..a Janita
0%
J.v..a Jovita
0%
M.h..i Mahati
0%
M.k..a Makena
0%
M.r.e..e Marielle
0%
M.r..a Mireya
0%
N.l..i Nalani
0%
N.v..h Nevaeh
0%
P.i.a Priya
0%
Qu.n.y Quenby
0%
S.n.a Sanja
0%
T.v..a Tivona
0%
Y.n..i Yaneli
0%
Y.l..a Yelena
0%
Keine übereinstimmenden Quizze gefunden
Verteilung der Resultate
Anzahl Personen mit jedem Resultat
Perzentil nach korrekt beantworteten Fragen
Ihre Resultats-Entwicklung
Sie haben dieses Quiz noch nicht gespielt